Statistics for Year in Music: 2017

Click here to take the quiz!

General Stats

  • This quiz has been taken 61 times
  • The average score is 12 of 41

Answer Stats

CategoryTypeAnswerHint% Correct
Top Charting Songs2DespacitoLuis Fonsi & Daddy Yankee ft. Justin Bieber
96%
Top Charting Songs1Shape of YouEd Sheeran
88%
Top Charting Songs4Humble.Kendrick Lamar
71%
MTV Video Music AwardsVideo of the YearHumbleKendrick Lamar
71%
Top Charting Songs7CloserThe Chainsmokers ft. Halsey
61%
Grammy'sAlbum of the Year24K MagicBruno Mars
59%
Best-Selling Albums724K MagicBruno Mars
59%
Grammy'sRecord of the Year24K MagicBruno Mars
59%
Best-Selling Albums2÷Ed Sheeran
55%
Grammy'sSong of the YearThat's What I LikeBruno Mars
52%
Top Charting Songs3That's What I LikeBruno Mars
52%
Top Charting Songs5Something Just Like ThisThe Chainsmokers & Coldplay
50%
Top Charting Songs9BelieverImagine Dragons
48%
Billboard Music AwardsTop ArtistEd Sheeran
45%
Top Charting Songs10CongratulationsPost Malone ft. Quavo
43%
Best-Selling Albums3DAMNKendrick Lamar
41%
Top Charting Songs6Bad and BoujeeMigos ft. Lil Uzi Vert
38%
Best-Selling Albums1reputationTaylor Swift
32%
Top Charting Songs8Body Like a Back RoadSam Hunt
29%
Top Touring Artists4Bruno Mars$200M
21%
Best-Selling Albums5Beautiful TraumaP!nk
14%
Grammy'sBest New ArtistAlessia Cara
13%
Top Touring Artists3Coldplay$238M
11%
Notable Musician DeathsLil Peep
11%
Top Touring Artists5Metallica$152M
7%
Notable Musician DeathsTom Petty
7%
Top Touring Artists1U2$316M
7%
Notable Musician DeathsChuck Berry
5%
Top Touring Artists2Guns N' Roses$292M
5%
Billboard Music AwardsTop New ArtistKhalid
5%
Notable Musician DeathsChester Bennington
4%
Best-Selling Albums6From a Room: Volume 1Chris Stapleton
4%
Best-Selling Albums8Guardians of the Galaxy: Awesome Mix, Vol. 2Various Artists
4%
Best-Selling Albums10HamiltonVarious Artists
4%
Notable Musician DeathsAl Jarreau
2%
Pulitzer Prize for MusicAngel's BoneDu Yun
2%
Notable Musician DeathsChris Cornell
2%
Best-Selling Albums4Moana - Original Motion Picture SoundtrackVarious Artists
2%
Notable Musician DeathsProdigy
2%
Notable Musician DeathsJon Hendricks
0%
Best-Selling Albums9TrollsVarious Artists
0%

Score Distribution

Percentile by Number Answered

Percent of People with Each Score

Your Score History

You have not taken this quiz